<?xml version="1.0" encoding="UTF-8"?>
<record
    xmlns:xsi="http://www.w3.org/2001/XMLSchema-instance"
    xsi:schemaLocation="http://www.loc.gov/MARC21/slim http://www.loc.gov/standards/marcxml/schema/MARC21slim.xsd"
    xmlns="http://www.loc.gov/MARC21/slim">

  <leader>00720nam a2200241   4500</leader>
  <controlfield tag="001">73120</controlfield>
  <controlfield tag="005">20260430081214.0</controlfield>
  <datafield tag="010" ind1=" " ind2=" ">
    <subfield code="a">978-972-0-72626-1</subfield>
  </datafield>
  <datafield tag="090" ind1=" " ind2=" ">
    <subfield code="a">73120</subfield>
  </datafield>
  <datafield tag="100" ind1=" " ind2=" ">
    <subfield code="a">20260429d2024    a||y0pory50030103ba</subfield>
  </datafield>
  <datafield tag="101" ind1="0" ind2=" ">
    <subfield code="a">por</subfield>
  </datafield>
  <datafield tag="102" ind1=" " ind2=" ">
    <subfield code="a">PT</subfield>
  </datafield>
  <datafield tag="200" ind1="1" ind2=" ">
    <subfield code="a">O rapaz de bronze</subfield>
    <subfield code="f">Sophia de Mello Breyner Andresen</subfield>
    <subfield code="g">il. In&#xEA;s do Carmo</subfield>
  </datafield>
  <datafield tag="205" ind1=" " ind2=" ">
    <subfield code="a">20.&#xAA; ed. reimp.</subfield>
  </datafield>
  <datafield tag="210" ind1=" " ind2="9">
    <subfield code="a">Porto</subfield>
    <subfield code="c">Porto Editora,</subfield>
    <subfield code="d">2024</subfield>
  </datafield>
  <datafield tag="215" ind1=" " ind2=" ">
    <subfield code="a">50, [2] p.</subfield>
    <subfield code="c">il. color., des.</subfield>
  </datafield>
  <datafield tag="675" ind1=" " ind2=" ">
    <subfield code="a">087.5</subfield>
    <subfield code="v">BN</subfield>
    <subfield code="z">por</subfield>
  </datafield>
  <datafield tag="675" ind1=" " ind2=" ">
    <subfield code="a">821.134.3-93"19/20"</subfield>
    <subfield code="v">BN</subfield>
    <subfield code="z">por</subfield>
  </datafield>
  <datafield tag="675" ind1=" " ind2=" ">
    <subfield code="a">821.134.3-34"19/20"</subfield>
    <subfield code="v">BN</subfield>
    <subfield code="z">por</subfield>
  </datafield>
  <datafield tag="700" ind1=" " ind2="1">
    <subfield code="a">Andresen</subfield>
    <subfield code="b">Sofia de Melo Breyner</subfield>
    <subfield code="f">1919-2004</subfield>
    <subfield code="9">50173</subfield>
  </datafield>
  <datafield tag="702" ind1=" " ind2=" ">
    <subfield code="a">Carmo</subfield>
    <subfield code="b">In&#xEA;s do</subfield>
    <subfield code="f">1968-</subfield>
    <subfield code="4">440</subfield>
    <subfield code="9">12704</subfield>
  </datafield>
  <datafield tag="801" ind1=" " ind2="0">
    <subfield code="a">PT</subfield>
    <subfield code="b">BN</subfield>
    <subfield code="g">RPC</subfield>
  </datafield>
  <datafield tag="942" ind1=" " ind2=" ">
    <subfield code="c">MON</subfield>
    <subfield code="n">0</subfield>
  </datafield>
  <datafield tag="995" ind1=" " ind2=" ">
    <subfield code="0">0</subfield>
    <subfield code="2">0</subfield>
    <subfield code="5">2025-07-14</subfield>
    <subfield code="9">120834</subfield>
    <subfield code="b">BMTAV</subfield>
    <subfield code="c">BMTAV</subfield>
    <subfield code="e">PNL-2C</subfield>
    <subfield code="f">BMTAV72352</subfield>
    <subfield code="g">SI</subfield>
    <subfield code="j">72352</subfield>
    <subfield code="k">MJ3 AND</subfield>
    <subfield code="o">0</subfield>
    <subfield code="p">13.00</subfield>
    <subfield code="r">MON</subfield>
  </datafield>
</record>
